Catálogo público

Estadística / (Record no. 170577)

MARC details
000 -CABECERA
campo de control de longitud fija 00952nam a2200313Ia 4500
001 - NÚMERO DE CONTROL
campo de control dia_146
003 - IDENTIFICADOR DEL NÚMERO DE CONTROL
campo de control CHAP
005 - FECHA Y HORA DE LA ÚLTIMA TRANSACCIÓN
campo de control 20221208120207.0
008 - DATOS DE LONGITUD FIJA--INFORMACIÓN GENERAL
campo de control de longitud fija 220117s1979 xx 000 0 und d
010 ## - NÚMERO DE CONTROL DE LA BIBLIOTECA DEL CONGRESO
Número de control de LC 170577
020 ## - NÚMERO INTERNACIONAL ESTÁNDAR DEL LIBRO
Número Internacional Estándar del Libro 006-3197-75-8
040 ## - FUENTE DE LA CATALOGACIÓN
Centro/agencia transcriptor CHAP
082 ## - NÚMERO DE LA CLASIFICACIÓN DECIMAL DEWEY
Número de clasificación 519.5 Y36 1979
100 ## - ENTRADA PRINCIPAL--NOMBRE DE PERSONA
Nombre de persona Yamane, Taro
9 (RLIN) 122965
245 ## - MENCIÓN DE TÍTULO
Título Estadística /
Mención de responsabilidad, etc. Taro Yamane ; traducción Nuria Cortado de Kohan
250 ## - MENCIÓN DE EDICIÓN
Mención de edición 3a ed.
260 ## - PUBLICACIÓN, DISTRIBUCIÓN, ETC.
Lugar de publicación, distribución, etc. México :
Nombre del editor, distribuidor, etc. Harla,
Fecha de publicación, distribución, etc. 1979
300 ## - DESCRIPCIÓN FÍSICA
Extensión x, 771 p.
500 ## - NOTA GENERAL
Nota general Título original: Statistics: an introductory analysis
503 ## - NOTA DE HISTORIA BIBLIOGRÁFICA (BK CF MU) [OBSOLETO]
Nota de historia bibliográfica C/e (ej.1) \ I.191169 (ej.2) \ I.191168 (ej.3) \ I.191167 (ej.4)
590 ## - NOTA LOCAL (RLIN)
Nota local QA276 Y36 1979
650 ## - PUNTO DE ACCESO ADICIONAL DE MATERIA--TÉRMINO DE MATERIA
Término de materia o nombre geográfico como elemento de entrada Estadística
9 (RLIN) 38241
650 ## - PUNTO DE ACCESO ADICIONAL DE MATERIA--TÉRMINO DE MATERIA
Término de materia o nombre geográfico como elemento de entrada Statistics
9 (RLIN) 144311
700 ## - PUNTO DE ACCESO ADICIONAL--NOMBRE DE PERSONA
Nombre de persona Cortado de Kohan, Nuria, tr.
9 (RLIN) 147348
901 ## - ELEMENTOS DE DATOS A LOCAL LDA (RLIN)
a 519.5 Y36 1979
902 ## - ELEMENTOS DE DATOS B LOCAL, LDB (RLIN)
a M
905 ## - ELEMENTOS DE DATOS E LOCAL, LDE (RLIN)
a 5232271979 mx imn 8222223322spa16
942 ## - ELEMENTOS DE PUNTO DE ACCESO ADICIONAL (KOHA)
Tipo de ítem Koha Libro
Fuente del sistema de clasificación o colocación Dewey Decimal Classification
Holdings
Estado de retiro Estado de pérdida Fuente del sistema de clasificación o colocación Estado dañado Restricciones de uso No para préstamo Código de colección Localización permanente Ubicación/localización actual Fecha de adquisición Fuente de adquisición Coste, precio normal de compra Número de inventario Total de préstamos Signatura topográfica completa Código de barras Fecha visto por última vez Fecha del último préstamo Número de copia Tipo de ítem Koha Información codificada de la localización en otra ubicación Precio válido a partir de Renovaciones totales
    Dewey Decimal Classification   Préstamo interno   General Ingenieria Agroindustrial Ingenieria Agroindustrial 19/11/1997 Compra Librería Patena F. 1324 / R. 39944 (24/11/1997) 117.00 191167 4 519.5 Y36 1979 dia_004437 22/10/2024 22/10/2024 4 Libro      
    Dewey Decimal Classification       General Ingenieria Agroindustrial Ingenieria Agroindustrial 18/01/2022       1 519.5 Y36 1979 dia_002980 23/08/2024 23/08/2024 1 Libro 1 18/01/2022  
    Dewey Decimal Classification   Préstamo interno   General Ingenieria Agroindustrial Ingenieria Agroindustrial 19/11/1997 Compra Librería Patena F. 1324 / R. (24/11/1997) 117.00 191169 3 519.5 Y36 1979 dia_004435 15/10/2024 27/09/2024 2 Libro     3
    Dewey Decimal Classification   Préstamo interno   General Ingenieria Agroindustrial Ingenieria Agroindustrial 19/11/1997 Compra Librería Patena F. 1324 / R. 39944 (24/11/1997) 117.00 191168 2 519.5 Y36 1979 dia_004436 24/04/2024 24/04/2024 3 Libro